Ampurias : Geschichte der Stadt und Führer durch die Ausgrabungen / von Martín Almagro Geschichte der Stadt und Führer durch die Ausgrabungen / von Martín Almagro
Descripción Física:
167 p. : il., [5] f. de làm. pleg. ; 17 cm
Otros Autores:
Kukahn, Erich
MARC
| LEADER | 00000nam a2200000Ia 4500 | ||
|---|---|---|---|
| 001 | 13885 | ||
| 008 | 160829s1956 xx 000 0 cat d | ||
| 080 | |a H-2-135 | ||
| 100 | 1 | |a Almagro Basch, Martín, |d 1911-1984 |9 23626 | |
| 245 | |a Ampurias : |b Geschichte der Stadt und Führer durch die Ausgrabungen / von Martín Almagro | ||
| 250 | |a Deutsche ausg. / von Erich Kukahn | ||
| 260 | |a Barcelona : |b [s.n.], |c 1956 | ||
| 300 | |a 167 p. : |b il., [5] f. de làm. pleg. ; |c 17 cm | ||
| 590 | |a Existeix una edició en anglès i en castellà | ||
| 650 | |a Escala |x Arqueologia |9 23631 | ||
| 651 | 0 | |a Empúries (Ciutat antiga) |v Guies |9 54668 | |
| 651 | 0 | |a Empúries (Ciutat antiga) |x Història |9 55526 | |
| 700 | 1 | |a Kukahn, Erich |9 37901 | |
| 901 | |a Arxiu | ||
| 942 | |n 1 | ||
| 952 | |0 0 |1 0 |4 0 |6 H2135 |7 1 |9 48145 |a Arxiu |b Arxiu |d 2016-12-01 |l 0 |o H-2-135 |p 13885 |r 2016-12-01 00:00:00 |w 2016-12-01 |y ARXIU | ||
| 999 | |c 51948 |d 51948 | ||